[Event "Cappelle Open"]
[Site "Cappelle la Grande FRA"]
[Date "1989.??.??"]
[Round "?"]
[White "Dimitrov, Vladimir"]
[Black "Hebden, Mark L"]
[Result "0-1"]
[WhiteElo "2420"]
[BlackElo "2455"]
[PlyCount "52"]
[EventDate "1989.02.??"]
[Source "www.chesslib.no"]
[SourceDate "2004.05.04"]

1. e4 e5 2. Nf3 Nc6 3. Bb5 a6 4. Ba4 Nf6 5. O-O Be7 6. Re1 b5 7. Bb3 O-O 8. c3 d5 9. exd5 Nxd5 10. Nxe5 Nxe5 11. Rxe5 Bb7 12. d4 Qd7 13. Qf3 Rad8 14. Nd2 c5 15. dxc5 Bf6 16. Re1 Nxc3 17. Qg3 Na4 18. Bxa4 bxa4 19. Nc4 Qd5 20. Nb6 Qxc5 21. Nxa4 Qc6 22. Nc3 Bh4 23. Qh3 Rd6 24. Bf4 Rf6 25. Ne2 g5 26. Bg3 Bc8 0-1

[Event "CUB-ch"]
[Site "?"]
[Date "2000.??.??"]
[Round "?"]
[White "Herrera Irisberto"]
[Black "Hernandez Roman"]
[Result "1/2-1/2"]
[WhiteElo "2470"]
[BlackElo "2400"]
[PlyCount "23"]
[EventDate "2000.??.??"]
[Source "www.chesslib.no"]
[SourceDate "2004.05.04"]

1. e4 e5 2. Nf3 Nc6 3. Bb5 a6 4. Ba4 Nf6 5. O-O Be7 6. Re1 b5 7. Bb3 O-O 8. c3 d5 9. h3 Na5 10. Bc2 c5 11. d4 Qc7 12. Nbd2 1/2-1/2

[Event "Toth mem"]
[Site "Kecskemet"]
[Date "1983.??.??"]
[Round "?"]
[White "Eslon, Jaan"]
[Black "Barczay, Laszlo"]
[Result "1-0"]
[WhiteElo "2430"]
[BlackElo "2435"]
[PlyCount "111"]
[EventDate "1983.08.??"]
[Source "ChessBase"]

1. e4 e5 2. Nf3 Nc6 3. Bb5 a6 4. Ba4 Nf6 5. O-O Be7 6. Re1 b5 7. Bb3 O-O 8. c3 d5 9. exd5 Nxd5 10. Nxe5 Nxe5 11. Rxe5 Nf6 12. d4 Bd6 13. Re1 Ng4 14. h3 Bh2+ 15. Kf1 Nxf2 16. Qf3 Nh1 17. Bf4 Bb7 18. d5 Bxf4 19. Qxf4 g5 20. Qf3 Qd6 21. Kg1 Rae8 22. Nd2 Ng3 23. Kf2 Qf4 24. Qxf4 gxf4 25. Kf3 Kg7 26. c4 bxc4 27. Bxc4 Nf5 28. Kxf4 Ne7 29. Nf3 Nxd5+ 30. Kg3 Ne3 31. Bb3 Re7 32. Kf2 Rfe8 33. Ba4 c6 34. Nd4 Kf8 35. Bxc6 Bxc6 36. Nxc6 Re4 37. Rac1 R8e6 38. Kg1 Nc4 39. Rxe4 Rxe4 40. Rc2 Ne5 41. Nxe5 Rxe5 42. Kf2 Ra5 43. b3 Ke7 44. Ke3 Kd6 45. Kd4 Rf5 46. Ke4 Rf1 47. Ke3 f5 48. Rc4 Re1+ 49. Kf3 a5 50. Ra4 Re5 51. g3 Rd5 52. Kf4 Ke6 53. Rc4 Rd2 54. Ra4 Rd5 55. h4 h5 56. a3 1-0

[Event "Novosibirsk tt"]
[Site "Novosibirsk RUS"]
[Date "1986.??.??"]
[Round "?"]
[White "Klovans, Janis"]
[Black "Tseitlin, Mark D"]
[Result "1-0"]
[WhiteElo "2420"]
[BlackElo "2445"]
[PlyCount "75"]
[EventDate "1986.??.??"]
[Source "www.chesslib.no"]
[SourceDate "2004.05.04"]

1. e4 e5 2. Nf3 Nc6 3. Bb5 a6 4. Ba4 Nf6 5. O-O Be7 6. Re1 b5 7. Bb3 O-O 8. c3 d5 9. exd5 Nxd5 10. Nxe5 Nxe5 11. Rxe5 Bb7 12. d4 Qd7 13. Nd2 c5 14. Nf3 cxd4 15. cxd4 Bf6 16. Re1 Rfe8 17. Rxe8+ Rxe8 18. Bd2 Qd6 19. h3 Nf4 20. Ne5 Bxe5 21. dxe5 Qc6 22. Qg4 Nd3 23. e6 f5 24. Qg3 f4 25. Qg5 h6 26. Qg6 Ne5 27. e7+ Nc4 28. Qxc6 Bxc6 29. Bb4 a5 30. Bc5 a4 31. Bxc4+ bxc4 32. Rd1 g5 33. Rd6 Be4 34. f3 Bb1 35. Rxh6 Kf7 36. a3 Bg6 37. h4 Kf6 38. h5 1-0

[Event "Poznan-ch"]
[Site "?"]
[Date "1999.??.??"]
[Round "2"]
[White "Szelag Marcin"]
[Black "Stern Rene"]
[Result "0-1"]
[WhiteElo "2385"]
[BlackElo "2465"]
[PlyCount "124"]
[EventDate "1999.??.??"]
[Source "www.chesslib.no"]
[SourceDate "2004.05.04"]

1. e4 e5 2. Nf3 Nc6 3. Bb5 a6 4. Ba4 Nf6 5. O-O Be7 6. Re1 b5 7. Bb3 O-O 8. c3 d5 9. exd5 Nxd5 10. Nxe5 Nxe5 11. Rxe5 Bb7 12. Qf3 Bd6 13. Bxd5 c6 14. Re2 cxd5 15. d4 Qc7 16. h3 Rae8 17. Nd2 b4 18. Nb3 Rxe2 19. Qxe2 bxc3 20. bxc3 Qxc3 21. Be3 Re8 22. Rc1 Qb4 23. Qg4 Qb5 24. Nc5 Bc8 25. Qh5 Qb2 26. Nb3 Be6 27. Rc6 Bb8 28. Nc1 Qb7 29. Rc2 Qb6 30. Nb3 g6 31. Qh4 Bf5 32. Rc1 Re4 33. Qh6 Bd6 34. Nc5 Re8 35. g4 Be4 36. Nd7 Qd8 37. Ne5 Bf8 38. Qf4 f6 39. Nc6 Qd6 40. Qxd6 Bxd6 41. Na5 Rb8 42. Nb3 Rb6 43. Nc5 f5 44. Nxe4 dxe4 45. gxf5 gxf5 46. Bg5 Kf7 47. h4 Ke6 48. f3 Kd5 49. fxe4+ fxe4 50. Be3 Rb2 51. Rc8 Re2 52. Bg5 Kxd4 53. Rd8 Ke5 54. Re8+ Kf5 55. a4 Ra2 56. Rh8 Kg4 57. Rxh7 Bc5+ 58. Kf1 e3 59. Rg7 Kf3 60. Rf7+ Ke4 61. Be7 Bd4 62. Bf6 Rf2+ 0-1

[Event "Xanthi"]
[Site "Xanthi"]
[Date "1990.??.??"]
[Round "4"]
[White "Georgiev, Krum I"]
[Black "Moutousis, Konstantinos"]
[Result "1/2-1/2"]
[WhiteElo "2455"]
[BlackElo "2390"]
[PlyCount "83"]
[EventDate "1990.??.??"]
[Source "www.chesslib.no"]
[SourceDate "2004.05.04"]

1. e4 e5 2. Nf3 Nc6 3. Bb5 a6 4. Ba4 Nf6 5. O-O Be7 6. Re1 b5 7. Bb3 O-O 8. c3 d5 9. exd5 Nxd5 10. a4 Bb7 11. axb5 axb5 12. Rxa8 Bxa8 13. d3 Bf6 14. Na3 b4 15. Nc4 bxc3 16. Ncxe5 Nxe5 17. Nxe5 Bxe5 18. Rxe5 Qf6 19. Qe1 cxb2 20. Bxb2 Nf4 21. Re8 Nxd3 22. Bxf6 Nxe1 23. Rxe1 gxf6 24. Re7 Rb8 25. Bc2 c6 26. h4 Kg7 27. Rc7 Rb4 28. Bf5 c5 29. f3 Rxh4 30. Be6 Rb4 31. Rxf7+ Kg6 32. Rc7 Rb5 33. Bf7+ Kh6 34. Bc4 Rb7 35. Rxc5 Re7 36. Kf2 Bb7 37. g4 Kg7 38. Kg3 h6 39. Kf4 Rd7 40. Be6 Re7 41. Bf5 Kf8 42. Rb5 1/2-1/2

[Event "AJEC"]
[Site "?"]
[Date "1998.??.??"]
[Round "?"]
[White "Roig Grau Jesus"]
[Black "Diblio Antonio"]
[Result "1-0"]
[WhiteElo "2425"]
[BlackElo "2417"]
[PlyCount "63"]
[EventDate "1998.??.??"]
[Source "www.chesslib.no"]
[SourceDate "2004.05.04"]

1. e4 e5 2. Nf3 Nc6 3. Bb5 a6 4. Ba4 Be7 5. O-O Nf6 6. Re1 b5 7. Bb3 O-O 8. c3 d5 9. exd5 Nxd5 10. Nxe5 Nxe5 11. Rxe5 c6 12. d4 Bd6 13. Re1 Qh4 14. g3 Qh3 15. Re4 Qd7 16. Nd2 Bb7 17. Bxd5 cxd5 18. Re1 Rae8 19. Nf1 Rxe1 20. Qxe1 Re8 21. Qd1 b4 22. cxb4 Bxb4 23. Bd2 Be7 24. Ne3 Bf6 25. Bc3 Re4 26. Qd3 g6 27. b3 Qe8 28. Re1 Bg5 29. Ng2 Qe6 30. f3 Rxe1+ 31. Bxe1 Bc6 32. Qxa6 1-0

[Event "Copenhagen K41"]
[Site "Copenhagen DEN"]
[Date "1990.??.??"]
[Round "1"]
[White "Stefansson, Hannes H"]
[Black "Pavlovic, Milos"]
[Result "0-1"]
[WhiteElo "2420"]
[BlackElo "2420"]
[PlyCount "82"]
[EventDate "1990.??.??"]
[Source "www.chesslib.no"]
[SourceDate "2004.05.04"]

1. e4 e5 2. Nf3 Nc6 3. Bb5 a6 4. Ba4 Nf6 5. O-O Be7 6. Re1 b5 7. Bb3 O-O 8. c3 d5 9. exd5 Nxd5 10. d3 Bg4 11. h3 Bh5 12. g4 Bg6 13. Nxe5 Nxe5 14. Rxe5 Nb6 15. d4 Bd6 16. Bg5 Qd7 17. Re1 a5 18. Nd2 a4 19. Bc2 Bxc2 20. Qxc2 f5 21. Qd1 h6 22. Bh4 Nd5 23. Qf3 Bf4 24. Nf1 Ra6 25. Bg3 a3 26. b3 fxg4 27. Qxg4 Qxg4 28. hxg4 Nxc3 29. Re7 Raf6 30. g5 hxg5 31. Rae1 R6f7 32. Bxf4 gxf4 33. R7e5 b4 34. Nd2 f3 35. Ne4 Ne2+ 36. Kf1 Rf4 37. Ng5 Nxd4 38. R1e4 Rxe4 39. Rxe4 c5 40. Re7 Ra8 41. Re3 c4 0-1

[Event "RUS-Cup"]
[Site "Bor"]
[Date "2000.??.??"]
[Round "9"]
[White "Virovlansky, Semen"]
[Black "Isanbaev, Ramil"]
[Result "0-1"]
[WhiteElo "2418"]
[BlackElo "2398"]
[PlyCount "84"]
[EventDate "2000.06.??"]
[Source "www.chesslib.no"]
[SourceDate "2004.05.04"]

1. e4 e5 2. Nf3 Nc6 3. Bb5 a6 4. Ba4 Nf6 5. O-O Be7 6. Re1 b5 7. Bb3 O-O 8. c3 d5 9. d3 dxe4 10. dxe4 Qxd1 11. Bxd1 Be6 12. Nbd2 Nd7 13. Bb3 Bxb3 14. Nxb3 Nb6 15. Be3 Na4 16. Re2 Rfd8 17. Rc2 Rd7 18. Kf1 f6 19. a3 Rad8 20. Ke2 Kf7 21. Nbd2 Bc5 22. Nf1 Bxe3 23. Kxe3 Na5 24. N3d2 c5 25. Ke2 c4 26. Rb1 Nc5 27. f3 Nab3 28. Nxb3 Nxb3 29. Re1 g6 30. Kf2 Ke6 31. g3 f5 32. exf5+ gxf5 33. Rce2 Rd5 34. f4 e4 35. Ne3 Rd2 36. Nc2 Rxe2+ 37. Rxe2 Nc1 38. Nd4+ Rxd4 39. cxd4 Nxe2 40. Kxe2 Kd5 41. Ke3 h5 42. h3 a5 0-1